Hygiena životného prostredia

Bibliographic Details
Main Author: Rovný, Ivan, 1949- (Author)
Format: Book
Language:Slovak
PhysicalDescription:136 s. tab. 29 cm
Published: Bratislava Herba 2004
ISBN:8089171222
Edition:[1. vyd.]
Subjects:

MARC

LEADER 00000nam a2200000 a 4500
001 vtls001518237
003 SK-MaSNL
005 20260302073905.0
008 240314s2004 xo l d p 000 0 slo
015 |a SNBA2005/04-01540 
020 |a 8089171222  |q (brož.) 
035 |a 176A0309-FD8E-4068-87CC-05E351B8EA7B 
035 |a urn:nbn:sk:snk-amluvb 
035 |a urn:nbn:sk:snk-am00cb1t 
040 |a SNK  |b slo  |c SNK  |e AACR2 
041 0 |a slo 
044 |a xo  |c SK 
072 7 |a 614  |x Verejné zdravie a hygiena  |2 konspekt 
072 7 |a 502  |x Životné prostredie a jeho ochrana  |2 konspekt 
080 |a 502/504  |2 MDT-MRF 
080 |a 613  |2 MDT-MRF 
080 |a (075.8)  |2 MDT-MRF 
080 |a 613/614  |2 MDT-MRF 
100 1 |a Rovný, Ivan,  |d 1949-  |4 aut  |9 233516 
245 1 0 |a Hygiena životného prostredia  |c Ivan Rovný a kolektív autorov 
250 |a [1. vyd.] 
260 |a Bratislava  |b Herba  |c 2004 
300 |a 136 s.  |b tab.  |c 29 cm 
501 |a Vydala Slovenská Zdravotnícka Univerzita v Bratislave 
504 |a Bibliogr. s. 134-136 
650 0 7 |a životné prostredie  |2 SNKPH  |9 786 
650 0 7 |a zdravie a hygiena  |2 SNKPH  |9 67440 
650 0 7 |a hygiena  |2 SNKPH  |9 16835 
655 7 |a učebnice vysokých škôl  |2 SNKPH  |9 70191 
710 2 |a Slovenská zdravotnícka univerzita v Bratislave  |4 pbl  |9 75638 
919 |a 80-89171-22-2 
958 |a OND 
968 |d 61 
999 |c 1162749  |d 1164679 
952 |a SNK  |b SNK  |y PREZ  |7 0  |p 17A0460651  |o snkSB 70098  |i snk2005/3498  |8 0  |0 0  |1 0  |4 0  |d 2005-03-08  |f 1  |l 0  |r 2025-04-25 00:00:00  |w 2026-02-24 
952 |a SNK  |b SNK  |y VYP  |7 0  |p 17A0460650  |o snkSB 70098 D1  |i snk2005/3500  |8 0  |0 0  |1 0  |4 0  |d 2005-03-08  |l 0  |r 2016-06-30 00:00:00  |w 2026-02-24 
952 |a SNK  |b SNK  |y VYP  |7 0  |p 17A0460649  |o snkSB 70098 D2  |i snk2005/3502  |8 0  |0 0  |1 0  |4 0  |d 2005-03-08  |l 0  |r 2026-02-24 20:38:45  |w 2026-02-24